000 00838cam a2200277 i 4500
001 768714001
003 CO-MdBIC
005 20240531062736.0
008 231201t1973 -us||||| |||| 00| 0 eng d
020 _a0-8006-1057-1
040 _bspa.
_aCO-MdFUSB
_cCO-MdFUSB
_dCO-MdFUSBC
_erda
041 _aeng
082 0 4 _aG 231.76 P6888c
100 1 _aPittenger, Norman (1905-)
245 1 0 _aChristian Faith and the Question of History / Norman Pittenger
_c/
264 1 _aPhiladelphia, USA : Fortress
_bFortress Press,
_c[1973]
264 4 _c©1973
300 _a151 Pag
_c;
336 _atexto
_btxt
_2rdacontent
337 _2rdamedia
_asin mediación
_bn
338 _2rdacarrier
_avolumen
_bnc
650 7 _aCristianismo
_2
_922
650 7 _aHistoria
_97036
_xAspectos religiosos
_xCristianismo
942 _cBK
945 _ajohan1477
999 _c34535
_d34535